Vykazovanie neistých skutočností a udalostí, ktoré nastali po dni, ku ktorému sa účtovná závierka zostavuje

Problematikou vplyvu neistých skutočností a udalostí, ktoré nastali po dni, ku ktorému sa účtovná závierka zostavuje, sa zaoberá Medzinárodný účtovný štandard - IAS č. 10. Neisté skutočnosti a udalosti, ktoré nastali po dni, ku ktorému sa účtovná závierka zostavuje. Neisté straty. Neisté zisky. Prík...

ver descrição completa

Na minha lista:
Detalhes bibliográficos
Autor principal: Juríková, Renáta
Formato: Capítulo de Livro
Idioma:eslovaco
Assuntos:
Tags: Adicionar Tag
Sem tags, seja o primeiro a adicionar uma tag!

MARC

LEADER 00000naa a2200000 4500
001 r034837
005 20231002071500.6
041 0 |a slo 
044 |a SK 
245 1 0 |a Vykazovanie neistých skutočností a udalostí, ktoré nastali po dni, ku ktorému sa účtovná závierka zostavuje  |c Renáta Juríková 
520 |a Problematikou vplyvu neistých skutočností a udalostí, ktoré nastali po dni, ku ktorému sa účtovná závierka zostavuje, sa zaoberá Medzinárodný účtovný štandard - IAS č. 10. Neisté skutočnosti a udalosti, ktoré nastali po dni, ku ktorému sa účtovná závierka zostavuje. Neisté straty. Neisté zisky. Príklady. 
610 2 0 |a závierka účtovná 
610 2 0 |a účtovníctvo medzinárodné 
610 2 0 |a strata 
610 2 0 |a zisk 
610 2 0 |a pohľadávky 
610 2 0 |a Slovensko 
610 2 0 |a Európska únia 
610 2 0 |a legislatíva 
610 2 0 |a IAS 
100 1 |a Juríková, Renáta